| 000 | 00797nam a22002057a 4500 | ||
|---|---|---|---|
| 003 | OSt | ||
| 005 | 20151016134802.0 | ||
| 008 | 130426s1982 sp ||||| |||| 00| 0 spa d | ||
| 020 | _a8460025357 | ||
| 040 | _cCDMR | ||
| 245 | 0 | 0 |
_aLos medios de comunicación en la frontera democrática _cMiguel Angel Aguilar (comp.) |
| 260 |
_aMadrid _bUniversidad Internacional Menéndez Pelayo _cDL 1982 |
||
| 300 | _a160 p. | ||
| 500 | _aA la contracoberta: Ministerio de Educación y Ciencia. Secretaría de Estado de Universidades e Investigación | ||
| 650 | 0 | 4 |
_92807 _aMitjans de comunicació de massa _xAspectes polítics |
| 650 | 0 | 4 |
_94358 _aEspanya _xPolítica de la comunicació |
| 700 | 1 |
_9873 _aAguilar, Miguel Ángel |
|
| 710 | 2 |
_94393 _aUniversidad Internacional Menéndez Pelayo |
|
| 942 |
_2udc _cMON |
||
| 999 |
_c6154 _d6154 |
||